000 01922nam a22001457a 4500
999 _c528685
_d528685
008 250103b ||||| |||| 00| 0 eng d
100 _aBhalla, Priya
_949662
245 _aGandhian Ideas: His days and ours
260 _aIndian Journal of Public Administration
300 _a70(4), Dec, 2024: p.672-687
520 _aA large section of the world population continues to live in hunger, starvation, malnutrition, deplorable living conditions with unsafe drinking water, inadequate health amenities and lack of proper education. The fear and uncertainty associated with the COVID-19 pandemic have resulted in the loss of lives and livelihoods for a large number of poor and vulnerable persons, pushing them deeper into the confines of poverty. It is in times such as these that Gandhian thoughts are popularly invoked by Gandhi’s followers. The present study is an attempt to revisit the Gandhian perspective on the development of the Indian economy. It intends to capture and crystallise his socio-economic ideas on the wide expanse of issues in a comprehensive manner. These are systematically encapsulated in six Ends: employment, emancipation, equality and egalitarianism, environment, ethics and education. Further, the study goes on to discuss Gandhi’s economic prescriptions to achieve these six ends. Furthermore, it attempts to categorise the Gandhian methods into one of three states—alive, ailing or abandoned—based on their current usefulness. Additionally, if the status turns out to be failing or abandoned, it aims to provide a nearby current approach that can appropriately fit in Gandhi’s vision without being dismissed as being too far-fetched.- Reproduced https://journals.sagepub.com/doi/full/10.1177/00195561241248302
650 _a Gandhian economics, Rural economy, Khadi, Trusteeship, Employment.
_949663
773 _aIndian Journal of Public Administration
942 _cAR